[Event "World Chess Olympiad 2018"]
[Site "Batumi"]
[Date "2018.09.27"]
[Round "4"]
[Board "3"]
[WhiteFideId "13700316"]
[White "Kazhgaleyev Murtas"]
[BlackFideId "13503758"]
[Black "Stupak Kirill"]
[Result "1/2-1/2"]
[LiveChessVersion "1.4.8"]
[BlackElo "2583"]
[WhiteElo "2582"]

1. d4 {[%clk 1:30:56]} Nf6 {[%clk 1:30:56]} 2. c4 {[%clk 1:31:19]} e6
{[%clk 1:31:23]} 3. Nf3 {[%clk 1:31:44]} Bb4+ {[%clk 1:31:52]} 4. Bd2
{[%clk 1:32:05]} a5 {[%clk 1:29:50]} 5. g3 {[%clk 1:32:20]} b6 {[%clk 1:30:15]}
6. Bg2 {[%clk 1:32:37]} Bb7 {[%clk 1:30:43]} 7. O-O {[%clk 1:32:29]} O-O
{[%clk 1:30:38]} 8. Bf4 {[%clk 1:30:44]} Be7 {[%clk 1:25:43]} 9. Nc3
{[%clk 1:27:21]} Ne4 {[%clk 1:24:41]} 10. Qc2 {[%clk 1:22:01]} Nxc3
{[%clk 1:23:40]} 11. Qxc3 {[%clk 1:21:32]} d6 {[%clk 1:20:19]} 12. Rad1
{[%clk 1:12:06]} Nd7 {[%clk 1:18:09]} 13. Rfe1 {[%clk 1:05:22]} Nf6
{[%clk 1:08:50]} 14. Bc1 {[%clk 1:00:54]} Qc8 {[%clk 1:00:31]} 15. b3
{[%clk 0:58:41]} d5 {[%clk 0:57:26]} 16. Qc2 {[%clk 0:55:22]} dxc4
{[%clk 0:53:30]} 17. bxc4 {[%clk 0:53:29]} Be4 {[%clk 0:52:38]} 18. Qb3
{[%clk 0:51:47]} Qb7 {[%clk 0:47:55]} 19. Bb2 {[%clk 0:47:04]} c5
{[%clk 0:43:37]} 20. Nh4 {[%clk 0:41:34]} cxd4 {[%clk 0:39:43]} 21. Bxd4
{[%clk 0:41:33]} Bb4 {[%clk 0:38:45]} 22. Rf1 {[%clk 0:40:37]} Rac8
{[%clk 0:37:17]} 23. Bxf6 {[%clk 0:34:29]} gxf6 {[%clk 0:35:19]} 24. Rd4
{[%clk 0:33:33]} Bxg2 {[%clk 0:34:47]} 25. Nxg2 {[%clk 0:33:58]} Rfd8
{[%clk 0:33:25]} 26. Rfd1 {[%clk 0:28:45]} Rxd4 {[%clk 0:21:55]} 27. Rxd4
{[%clk 0:29:09]} f5 {[%clk 0:22:13]} 28. Qd3 {[%clk 0:23:00]} b5 {[%clk 0:06:31]}
29. Ne3 {[%clk 0:19:25]} bxc4 {[%clk 0:03:45]} 30. Rxc4 {[%clk 0:13:51]} Rb8
{[%clk 0:03:41]} 31. g4 {[%clk 0:13:09]} f4 {[%clk 0:02:44]} 32. Rxf4
{[%clk 0:12:44]} Bc5 {[%clk 0:03:13]} 33. Nf1 {[%clk 0:10:10]} Qb2
{[%clk 0:02:32]} 34. Rc4 {[%clk 0:09:38]} Be7 {[%clk 0:01:25]} 35. Rc7
{[%clk 0:08:28]} Bh4 {[%clk 0:01:05]} 36. Rc2 {[%clk 0:07:12]} Qf6
{[%clk 0:00:51]} 37. Ng3 {[%clk 0:07:17]} Bxg3 {[%clk 0:00:36]} 38. hxg3
{[%clk 0:07:25]} Rb4 {[%clk 0:00:41]} 39. Rc4 {[%clk 0:04:30]} Qa1+
{[%clk 0:00:36]} 40. Kg2 {[%clk 0:34:43]} Rxc4 {[%clk 0:30:35]} 41. Qxc4
{[%clk 0:35:01]} Kg7 {[%clk 0:27:09]} 42. e3 {[%clk 0:33:56]} Kg8
{[%clk 0:22:30]} 43. a4 {[%clk 0:25:38]} Qb2 {[%clk 0:21:49]} 44. Kf3
{[%clk 0:23:16]} h6 {[%clk 0:15:01]} 45. Qc8+ {[%clk 0:19:10]} Kg7
{[%clk 0:13:19]} 46. Qd7 {[%clk 0:18:22]} Qb8 {[%clk 0:10:34]} 47. Qd4+
{[%clk 0:16:58]} Kg8 {[%clk 0:10:50]} 48. Ke2 {[%clk 0:15:44]} Qc7
{[%clk 0:10:34]} 49. Qd3 {[%clk 0:14:34]} Qb6 {[%clk 0:08:13]} 50. Qb5
{[%clk 0:13:16]} Qc7 {[%clk 0:08:24]} 51. Kf1 {[%clk 0:12:42]} Qc1+
{[%clk 0:08:30]} 52. Kg2 {[%clk 0:13:05]} Qc7 {[%clk 0:08:05]} 53. g5
{[%clk 0:13:09]} hxg5 {[%clk 0:08:27]} 54. Qxg5+ {[%clk 0:13:34]} Kf8
{[%clk 0:08:44]} 55. Qb5 {[%clk 0:13:45]} Qc3 {[%clk 0:08:13]} 56. Qd7
{[%clk 0:13:09]} Qb4 {[%clk 0:05:52]} 57. Kf3 {[%clk 0:13:19]} Qe1
{[%clk 0:06:17]} 58. Qd8+ {[%clk 0:12:31]} Kg7 {[%clk 0:06:47]} 59. Qd4+
{[%clk 0:12:40]} Kg8 {[%clk 0:07:07]} 60. e4 {[%clk 0:11:21]} Kh7
{[%clk 0:06:46]} 61. Kf4 {[%clk 0:07:44]} Kg6 {[%clk 0:06:26]} 62. Kf3
{[%clk 0:07:58]} Kh7 {[%clk 0:06:03]} 63. e5 {[%clk 0:08:06]} Kg7
{[%clk 0:05:44]} 64. Qg4+ {[%clk 0:06:53]} Kf8 {[%clk 0:06:09]} 65. Qd4
{[%clk 0:07:18]} Kg7 {[%clk 0:06:33]} 66. Kg2 {[%clk 0:07:27]} Qb4
{[%clk 0:06:09]} 67. Qh4 {[%clk 0:06:55]} Qb7+ {[%clk 0:06:33]} 68. Kg1
{[%clk 0:06:32]} Qb1+ {[%clk 0:07:00]} 69. Kh2 {[%clk 0:06:24]} Qb4
{[%clk 0:06:44]} 70. Kh3 {[%clk 0:05:51]} Qd2 {[%clk 0:04:00]} 71. Qf6+
{[%clk 0:05:41]} Kg8 {[%clk 0:04:29]} 72. Qf4 {[%clk 0:05:18]} Qe1
{[%clk 0:03:22]} 73. Kh4 {[%clk 0:05:15]} Qh1+ {[%clk 0:00:54]} 74. Kg5
{[%clk 0:05:17]} Qb1 {[%clk 0:00:44]} 75. Kf6 {[%clk 0:03:19]} Qg6+
{[%clk 0:01:13]} 76. Ke7 Qg7 77. Kd7 {[%clk 0:02:48]} Qg6 {[%clk 0:01:17]} 78.
Ke7 {[%clk 0:02:12]} Qg7 {[%clk 0:01:35]} 79. Kd7 {[%clk 0:00:42]} Qg6
{[%clk 0:02:04]} 80. Qf6 {[%clk 0:00:54]} Qc2 {[%clk 0:01:49]} 81. Qg5+
{[%clk 0:01:16]} Kf8 {[%clk 0:01:40]} 82. Qh6+ {[%clk 0:01:33]} Kg8
{[%clk 0:02:10]} 83. Qg5+ {[%clk 0:01:45]} Kf8 {[%clk 0:02:39]} 84. Qd8+
{[%clk 0:01:43]} Kg7 {[%clk 0:03:08]} 85. Qf6+ {[%clk 0:02:03]} Kg8
{[%clk 0:03:12]} 86. Qf4 {[%clk 0:01:15]} Qc5 {[%clk 0:02:26]} 87. g4
{[%clk 0:00:43]} Qb4 {[%clk 0:01:43]} 88. Qxb4 {[%clk 0:00:43]} axb4
{[%clk 0:02:12]} 89. a5 {[%clk 0:01:09]} b3 {[%clk 0:02:39]} 90. a6
{[%clk 0:01:36]} b2 {[%clk 0:03:06]} 91. a7 {[%clk 0:02:05]} b1=Q
{[%clk 0:03:31]} 92. a8=Q+ {[%clk 0:02:33]} Kg7 {[%clk 0:03:48]} 93. Qc6
{[%clk 0:00:44]} Qd1+ {[%clk 0:01:13]} 94. Ke8 {[%clk 0:01:09]} Qxg4
{[%clk 0:01:14]} 95. Qb7 {[%clk 0:00:37]} 1/2-1/2

[Event "World Chess Olympiad 2018"]
[Site "Batumi"]
[Date "2018.09.27"]
[Round "4"]
[Board "4"]
[WhiteFideId "13500465"]
[White "Fedorov Alexei"]
[BlackFideId "13707647"]
[Black "Makhnev Denis"]
[Result "1/2-1/2"]
[LiveChessVersion "1.4.8"]
[BlackElo "2449"]
[WhiteElo "2568"]

1. e4 {[%clk 1:30:56]} e5 {[%clk 1:30:48]} 2. Nf3 {[%clk 1:31:21]} Nc6
{[%clk 1:31:08]} 3. Bc4 {[%clk 1:31:35]} Bc5 {[%clk 1:31:27]} 4. O-O
{[%clk 1:31:51]} Nf6 {[%clk 1:31:35]} 5. d3 {[%clk 1:32:13]} a6 {[%clk 1:31:05]}
6. c3 {[%clk 1:31:25]} Ba7 {[%clk 1:31:01]} 7. Bb3 {[%clk 1:30:59]} d6
{[%clk 1:31:02]} 8. Be3 {[%clk 1:29:24]} O-O {[%clk 1:23:46]} 9. Nbd2
{[%clk 1:29:03]} Bxe3 {[%clk 1:20:21]} 10. fxe3 {[%clk 1:29:26]} Be6
{[%clk 1:13:54]} 11. Bc2 {[%clk 1:29:17]} d5 {[%clk 1:10:40]} 12. Ng5
{[%clk 1:15:55]} Bg4 {[%clk 1:07:20]} 13. Qe1 {[%clk 1:15:57]} Bh5
{[%clk 0:49:45]} 14. exd5 {[%clk 0:54:17]} Nxd5 {[%clk 0:46:43]} 15. Qg3
{[%clk 0:49:55]} h6 {[%clk 0:28:17]} 16. Nge4 {[%clk 0:43:08]} f5
{[%clk 0:28:41]} 17. Nc5 {[%clk 0:42:14]} Qe7 {[%clk 0:28:52]} 18. d4
{[%clk 0:36:49]} f4 {[%clk 0:29:01]} 19. exf4 {[%clk 0:33:42]} exd4
{[%clk 0:28:24]} 20. Nde4 {[%clk 0:25:11]} Ne3 {[%clk 0:23:08]} 21. Bb3+
{[%clk 0:24:34]} Bf7 {[%clk 0:18:00]} 22. f5 {[%clk 0:22:28]} Nxf1
{[%clk 0:18:07]} 23. Rxf1 {[%clk 0:22:33]} Bxb3 {[%clk 0:18:34]} 24. axb3
{[%clk 0:21:57]} Kh8 {[%clk 0:15:30]} 25. Qh3 {[%clk 0:20:21]} dxc3
{[%clk 0:12:27]} 26. bxc3 {[%clk 0:18:58]} Rf6 {[%clk 0:08:50]} 27. Nxf6
{[%clk 0:15:52]} Qxc5+ {[%clk 0:09:17]} 28. Kh1 {[%clk 0:16:11]} Rd8
{[%clk 0:09:44]} 29. Nh5 {[%clk 0:11:18]} Qf2 {[%clk 0:04:47]} 30. g4
{[%clk 0:07:48]} Qe2 {[%clk 0:04:11]} 31. f6 {[%clk 0:06:27]} Rd1
{[%clk 0:04:37]} 32. fxg7+ {[%clk 0:05:11]} Kg8 {[%clk 0:05:03]} 33. Rxd1
{[%clk 0:05:07]} Qxd1+ {[%clk 0:05:29]} 34. Kg2 {[%clk 0:05:34]} Qe2+
{[%clk 0:04:20]} 35. Kh1 {[%clk 0:04:58]} Ne5 {[%clk 0:03:08]} 36. g5
{[%clk 0:04:39]} Qe1+ {[%clk 0:02:06]} 37. Kg2 {[%clk 0:05:02]} Qe2+
{[%clk 0:02:35]} 38. Kh1 {[%clk 0:05:24]} Qe1+ {[%clk 0:01:35]} 39. Kg2
{[%clk 0:05:50]} Qe2+ {[%clk 0:02:02]} 1/2-1/2

[Event "World Chess Olympiad 2018"]
[Site "Batumi"]
[Date "2018.09.27"]
[Round "4"]
[Board "1"]
[WhiteFideId "9000240"]
[White "Tissir Mohamed"]
[BlackFideId "13602853"]
[Black "Tutisani Noe"]
[Result "1/2-1/2"]
[LiveChessVersion "1.4.8"]
[BlackElo "2471"]
[WhiteElo "2388"]

1. e4 {[%clk 1:30:58]} e5 {[%clk 1:30:49]} 2. Nf3 {[%clk 1:30:51]} Nc6
{[%clk 1:31:12]} 3. Bc4 {[%clk 1:31:17]} Bc5 {[%clk 1:31:35]} 4. c3
{[%clk 1:31:42]} Nf6 {[%clk 1:32:00]} 5. d3 {[%clk 1:32:07]} a6 {[%clk 1:32:26]}
6. Bb3 {[%clk 1:32:18]} O-O {[%clk 1:32:49]} 7. Nbd2 {[%clk 1:31:53]} d5
{[%clk 1:31:51]} 8. exd5 {[%clk 1:15:17]} Nxd5 {[%clk 1:29:42]} 9. Ne4
{[%clk 1:15:45]} Ba7 {[%clk 1:28:44]} 10. O-O {[%clk 1:16:05]} Bg4
{[%clk 1:24:51]} 11. h3 {[%clk 1:00:24]} Bh5 {[%clk 1:25:01]} 12. Ng3
{[%clk 1:00:52]} Bg6 {[%clk 1:25:25]} 13. Re1 {[%clk 1:01:16]} Re8
{[%clk 1:20:58]} 14. d4 {[%clk 0:36:19]} e4 {[%clk 1:15:47]} 15. Bxd5
{[%clk 0:35:30]} Qxd5 {[%clk 1:16:04]} 16. Nh4 {[%clk 0:35:59]} Na5
{[%clk 0:59:53]} 17. Nxg6 {[%clk 0:31:32]} hxg6 {[%clk 0:58:17]} 18. Qg4
{[%clk 0:16:58]} Re6 {[%clk 0:58:26]} 19. Ne2 {[%clk 0:16:19]} Qf5
{[%clk 0:56:19]} 20. Ng3 {[%clk 0:12:25]} Qd5 {[%clk 0:56:43]} 21. Ne2
{[%clk 0:12:29]} Qf5 {[%clk 0:55:43]} 22. Ng3 {[%clk 0:12:58]} Qd5
{[%clk 0:46:10]} 1/2-1/2

[Event "World Chess Olympiad 2018"]
[Site "Batumi"]
[Date "2018.09.27"]
[Round "4"]
[Board "2"]
[WhiteFideId "13608207"]
[White "Oboladze Luka"]
[BlackFideId "9000283"]
[Black "Onkoud Abdelaziz"]
[Result "1/2-1/2"]
[LiveChessVersion "1.4.8"]
[BlackElo "2315"]
[WhiteElo "2340"]

1. c4 {[%clk 1:30:55]} b6 {[%clk 1:29:32]} 2. Nc3 {[%clk 1:29:48]} Bb7
{[%clk 1:29:54]} 3. d4 {[%clk 1:29:25]} e6 {[%clk 1:28:58]} 4. Nf3
{[%clk 1:25:44]} f5 {[%clk 1:28:11]} 5. d5 {[%clk 1:24:29]} Nf6 {[%clk 1:24:38]}
6. dxe6 {[%clk 1:14:16]} dxe6 {[%clk 1:24:53]} 7. Qxd8+ {[%clk 1:13:52]} Kxd8
{[%clk 1:25:20]} 8. Nd4 {[%clk 1:12:30]} Kd7 {[%clk 1:20:55]} 9. f3
{[%clk 0:54:03]} Nc6 {[%clk 1:11:15]} 10. Nb3 {[%clk 0:50:25]} Rd8
{[%clk 1:09:53]} 11. Bd2 {[%clk 0:43:04]} Kc8 {[%clk 1:08:25]} 12. O-O-O
{[%clk 0:42:39]} Be7 {[%clk 1:03:36]} 13. e3 {[%clk 0:42:41]} Nd7
{[%clk 1:00:37]} 14. Nb5 {[%clk 0:40:15]} Bf6 {[%clk 0:54:51]} 15. a3
{[%clk 0:35:02]} Rhe8 {[%clk 0:47:40]} 16. Be2 {[%clk 0:34:08]} a6
{[%clk 0:35:53]} 17. Nc3 {[%clk 0:34:07]} Nde5 {[%clk 0:30:36]} 18. Kc2
{[%clk 0:34:21]} Rd7 {[%clk 0:29:40]} 19. Bc1 {[%clk 0:26:41]} Red8
{[%clk 0:29:27]} 20. Rxd7 {[%clk 0:26:28]} Rxd7 {[%clk 0:29:34]} 21. c5
{[%clk 0:25:54]} b5 {[%clk 0:27:10]} 22. a4 {[%clk 0:26:00]} bxa4
{[%clk 0:22:14]} 23. Nxa4 {[%clk 0:26:16]} Nb4+ {[%clk 0:21:59]} 24. Kb1
{[%clk 0:26:38]} Bd5 {[%clk 0:19:46]} 25. Nd4 {[%clk 0:22:22]} Nec6
{[%clk 0:14:50]} 26. Nxc6 {[%clk 0:12:45]} Bxc6 {[%clk 0:15:02]} 27. Nc3
{[%clk 0:12:46]} Bxc3 {[%clk 0:13:15]} 28. bxc3 {[%clk 0:13:11]} Nd3
{[%clk 0:13:16]} 29. Ba3 {[%clk 0:10:23]} Bb5 {[%clk 0:12:24]} 30. Kc2
{[%clk 0:05:01]} Ne5 {[%clk 0:10:53]} 31. Re1 {[%clk 0:04:03]} c6
{[%clk 0:10:19]} 32. Bb4 {[%clk 0:02:01]} Ba4+ {[%clk 0:06:05]} 33. Kc1
{[%clk 0:02:19]} Bb5 {[%clk 0:03:57]} 34. Kc2 {[%clk 0:02:37]} Kb7
{[%clk 0:04:03]} 35. h3 {[%clk 0:01:53]} g6 {[%clk 0:03:29]} 36. h4
{[%clk 0:01:38]} Ba4+ {[%clk 0:03:04]} 37. Kc1 {[%clk 0:02:03]} Bb5
{[%clk 0:03:01]} 38. Kc2 {[%clk 0:02:28]} h5 {[%clk 0:03:04]} 39. Kc1
{[%clk 0:01:45]} Kc7 {[%clk 0:01:46]} 40. Kc2 {[%clk 0:31:26]} Ba4+
{[%clk 0:31:49]} 41. Kc1 {[%clk 0:31:45]} Bb5 {[%clk 0:30:19]} 42. Kc2
{[%clk 0:31:58]} Kd8 {[%clk 0:29:03]} 43. Kc1 {[%clk 0:27:45]} Ke7
{[%clk 0:29:07]} 44. Kc2 {[%clk 0:26:51]} Ba4+ {[%clk 0:27:37]} 45. Kc1
{[%clk 0:27:16]} Nd3+ {[%clk 0:28:04]} 46. Bxd3 {[%clk 0:27:41]} Rxd3
{[%clk 0:28:31]} 47. e4 {[%clk 0:19:24]} fxe4 {[%clk 0:26:25]} 48. Rxe4
{[%clk 0:19:20]} Rd1+ {[%clk 0:26:29]} 49. Kb2 {[%clk 0:19:44]} Rd2+
{[%clk 0:26:33]} 50. Ka3 {[%clk 0:20:04]} Bc2 {[%clk 0:26:34]} 51. Rd4
{[%clk 0:20:22]} Rxd4 {[%clk 0:20:07]} 52. cxd4 {[%clk 0:20:43]} Kf6
{[%clk 0:20:29]} 53. g4 {[%clk 0:18:26]} Bd1 {[%clk 0:20:13]} 54. gxh5
{[%clk 0:18:31]} gxh5 {[%clk 0:20:35]} 55. Ba5 {[%clk 0:18:27]} Bxf3
{[%clk 0:18:31]} 1/2-1/2

[Event "World Chess Olympiad 2018"]
[Site "Batumi"]
[Date "2018.09.27"]
[Round "4"]
[Board "3"]
[WhiteFideId "9001948"]
[White "Saber Yasser"]
[BlackFideId "13611860"]
[Black "Kacharava Nikolozi"]
[Result "0-1"]
[LiveChessVersion "1.4.8"]
[BlackElo "2373"]
[WhiteElo "2192"]

1. d4 {[%clk 1:30:56]} d6 {[%clk 1:30:43]} 2. c4 {[%clk 1:31:23]} e5
{[%clk 1:30:43]} 3. Nf3 {[%clk 1:31:42]} e4 {[%clk 1:30:47]} 4. Ng5
{[%clk 1:32:05]} f5 {[%clk 1:30:30]} 5. Nc3 {[%clk 1:31:59]} c6 {[%clk 1:30:06]}
6. g3 {[%clk 1:29:50]} Be7 {[%clk 1:29:44]} 7. Nh3 {[%clk 1:26:11]} Nf6
{[%clk 1:28:55]} 8. Bg2 {[%clk 1:25:31]} O-O {[%clk 1:28:02]} 9. O-O
{[%clk 1:25:55]} Na6 {[%clk 1:26:02]} 10. d5 {[%clk 1:20:54]} Nc5
{[%clk 1:17:31]} 11. f3 {[%clk 1:19:07]} cxd5 {[%clk 1:11:57]} 12. cxd5
{[%clk 1:18:57]} a5 {[%clk 1:08:28]} 13. Be3 {[%clk 1:12:59]} b5 {[%clk 0:58:01]}
14. a3 {[%clk 1:02:13]} Bb7 {[%clk 0:52:46]} 15. b4 {[%clk 0:59:54]} axb4
{[%clk 0:47:30]} 16. axb4 {[%clk 1:00:17]} Rxa1 {[%clk 0:43:50]} 17. Qxa1
{[%clk 1:00:45]} Na4 {[%clk 0:30:03]} 18. Nxa4 {[%clk 0:47:54]} bxa4
{[%clk 0:28:11]} 19. Nf4 {[%clk 0:45:50]} Qd7 {[%clk 0:24:59]} 20. Ne6
{[%clk 0:41:07]} Ra8 {[%clk 0:22:46]} 21. fxe4 {[%clk 0:40:48]} fxe4
{[%clk 0:18:12]} 22. Bxe4 {[%clk 0:40:44]} Qb5 {[%clk 0:17:21]} 23. Bg2
{[%clk 0:20:35]} Rc8 {[%clk 0:14:25]} 24. Bg5 {[%clk 0:19:27]} Bxd5
{[%clk 0:10:55]} 25. Bxf6 {[%clk 0:15:01]} Bxf6 {[%clk 0:09:19]} 26. Rxf6
{[%clk 0:13:24]} gxf6 {[%clk 0:02:56]} 27. Bxd5 {[%clk 0:07:41]} Qxd5
{[%clk 0:03:07]} 28. Qxf6 {[%clk 0:07:50]} Qe5 {[%clk 0:03:06]} 29. Qh6
{[%clk 0:06:24]} a3 {[%clk 0:01:49]} 30. Ng5 {[%clk 0:01:40]} Qf5
{[%clk 0:01:41]} 31. Nxh7 {[%clk 0:01:05]} a2 {[%clk 0:01:12]} 32. Nf6+
{[%clk 0:01:00]} Kf7 {[%clk 0:01:34]} 33. g4 {[%clk 0:00:33]} a1=Q+
{[%clk 0:01:53]} 0-1

[Event "World Chess Olympiad 2018"]
[Site "Batumi"]
[Date "2018.09.27"]
[Round "4"]
[Board "4"]
[WhiteFideId "13602799"]
[White "Sibashvili Giorgi"]
[BlackFideId "9000720"]
[Black "Aithmidou Mohamed-Mehdi"]
[Result "1-0"]
[LiveChessVersion "1.4.8"]
[BlackElo "2244"]
[WhiteElo "2425"]

1. d4 {[%clk 1:30:57]} Nf6 {[%clk 1:30:48]} 2. c4 {[%clk 1:31:21]} c5
{[%clk 1:30:57]} 3. d5 {[%clk 1:31:40]} e5 {[%clk 1:31:17]} 4. Nc3
{[%clk 1:27:28]} d6 {[%clk 1:31:39]} 5. e4 {[%clk 1:24:51]} Be7 {[%clk 1:31:57]}
6. Bd3 {[%clk 1:22:14]} O-O {[%clk 1:32:06]} 7. Nge2 {[%clk 1:22:36]} Nh5
{[%clk 1:30:29]} 8. h4 {[%clk 1:22:20]} a6 {[%clk 1:15:08]} 9. Be3
{[%clk 1:14:28]} g6 {[%clk 1:13:02]} 10. Bh6 {[%clk 1:11:23]} Re8
{[%clk 1:12:46]} 11. g3 {[%clk 1:06:55]} Bg4 {[%clk 1:08:06]} 12. Qd2
{[%clk 1:06:26]} Nd7 {[%clk 1:06:25]} 13. Qe3 {[%clk 1:02:16]} Bxe2
{[%clk 1:01:44]} 14. Bxe2 {[%clk 1:00:39]} Ndf6 {[%clk 0:58:11]} 15. g4
{[%clk 0:56:20]} Nf4 {[%clk 0:57:10]} 16. Bxf4 {[%clk 0:56:09]} exf4
{[%clk 0:57:38]} 17. Qxf4 {[%clk 0:56:28]} Nd7 {[%clk 0:53:33]} 18. g5
{[%clk 0:55:37]} f6 {[%clk 0:51:25]} 19. Qh2 {[%clk 0:49:40]} Bf8
{[%clk 0:40:53]} 20. f4 {[%clk 0:48:08]} Bg7 {[%clk 0:37:57]} 21. O-O-O
{[%clk 0:47:21]} b5 {[%clk 0:28:57]} 22. cxb5 {[%clk 0:46:13]} f5
{[%clk 0:27:35]} 23. h5 {[%clk 0:34:43]} Bxc3 {[%clk 0:17:05]} 24. bxc3
{[%clk 0:34:04]} Qa5 {[%clk 0:16:47]} 25. Rd3 {[%clk 0:31:56]} Qxa2
{[%clk 0:13:22]} 26. hxg6 {[%clk 0:31:35]} Re7 {[%clk 0:13:08]} 27. gxh7+
{[%clk 0:25:07]} Kh8 {[%clk 0:13:36]} 28. Bd1 {[%clk 0:23:40]} Qa1+
{[%clk 0:13:24]} 29. Kd2 {[%clk 0:23:45]} Nb6 {[%clk 0:07:11]} 30. e5
{[%clk 0:17:49]} dxe5 {[%clk 0:02:01]} 31. d6 {[%clk 0:16:47]} Nc4+
{[%clk 0:02:09]} 32. Ke1 {[%clk 0:15:54]} Re6 {[%clk 0:01:39]} 33. d7
{[%clk 0:13:59]} exf4+ {[%clk 0:01:56]} 34. Kf1 {[%clk 0:11:46]} Ne3+
{[%clk 0:01:48]} 35. Kf2 {[%clk 0:11:14]} Nxd1+ {[%clk 0:00:37]} 36. Rhxd1
{[%clk 0:11:19]} Qa2+ {[%clk 0:00:31]} 37. R3d2 {[%clk 0:11:23]} 1-0

[Event "World Chess Olympiad 2018"]
[Site "Batumi"]
[Date "2018.09.27"]
[Round "4"]
[Board "1"]
[WhiteFideId "4500261"]
[White "Kulaots Kaido"]
[BlackFideId "5201268"]
[Black "Sadorra Julio Catalino"]
[Result "1/2-1/2"]
[LiveChessVersion "1.4.8"]
[BlackElo "2553"]
[WhiteElo "2542"]

1. e4 {[%clk 1:30:55]} e6 {[%clk 1:30:43]} 2. d4 {[%clk 1:31:11]} d5
{[%clk 1:31:05]} 3. Nc3 {[%clk 1:31:27]} Nf6 {[%clk 1:31:18]} 4. e5
{[%clk 1:31:20]} Nfd7 {[%clk 1:31:40]} 5. f4 {[%clk 1:31:35]} c5 {[%clk 1:31:58]}
6. Nf3 {[%clk 1:31:59]} Nc6 {[%clk 1:32:00]} 7. Be3 {[%clk 1:32:09]} Qb6
{[%clk 1:32:02]} 8. Na4 {[%clk 1:28:55]} Qa5+ {[%clk 1:32:08]} 9. c3
{[%clk 1:28:57]} b6 {[%clk 1:31:59]} 10. Bd2 {[%clk 1:27:05]} c4 {[%clk 1:32:23]}
11. b4 {[%clk 1:24:37]} Qa6 {[%clk 1:32:36]} 12. Qc2 {[%clk 1:16:16]} Be7
{[%clk 1:30:32]} 13. Be2 {[%clk 1:15:37]} O-O {[%clk 1:16:30]} 14. h4
{[%clk 1:02:53]} f5 {[%clk 1:13:04]} 15. g4 {[%clk 0:50:21]} b5 {[%clk 1:06:57]}
16. Nc5 {[%clk 0:47:34]} Nxc5 {[%clk 1:07:23]} 17. bxc5 {[%clk 0:43:36]} Rb8
{[%clk 0:55:17]} 18. Rb1 {[%clk 0:34:40]} Bd7 {[%clk 0:43:39]} 19. gxf5
{[%clk 0:30:40]} Rxf5 {[%clk 0:41:54]} 20. h5 {[%clk 0:30:05]} Qa3
{[%clk 0:36:58]} 21. Kf2 {[%clk 0:23:49]} Be8 {[%clk 0:25:08]} 22. Ne1
{[%clk 0:18:49]} Nxe5 {[%clk 0:14:51]} 23. dxe5 {[%clk 0:18:55]} Bxc5+
{[%clk 0:15:15]} 24. Kg3 {[%clk 0:15:06]} Bb6 {[%clk 0:09:48]} 25. Bg4
{[%clk 0:11:46]} Qc5 {[%clk 0:09:59]} 26. Bc1 {[%clk 0:11:09]} d4
{[%clk 0:07:05]} 27. cxd4 {[%clk 0:10:42]} Qd5 {[%clk 0:07:22]} 28. Nf3
{[%clk 0:09:44]} Bc6 {[%clk 0:07:48]} 29. Rf1 {[%clk 0:09:15]} Rbf8
{[%clk 0:07:38]} 30. Be3 {[%clk 0:06:56]} Bd8 {[%clk 0:05:32]} 31. Nh4
{[%clk 0:04:31]} R5f7 {[%clk 0:04:48]} 32. Bf3 {[%clk 0:03:30]} Bxh4+
{[%clk 0:04:32]} 33. Kxh4 {[%clk 0:02:11]} Qd8+ {[%clk 0:04:55]} 34. Kg3
{[%clk 0:02:14]} Bxf3 {[%clk 0:05:22]} 35. Rxf3 {[%clk 0:02:28]} Rf5
{[%clk 0:05:48]} 36. Rff1 {[%clk 0:01:42]} Rxh5 {[%clk 0:05:13]} 37. Rh1
{[%clk 0:01:54]} Rhf5 {[%clk 0:02:18]} 38. Rxb5 {[%clk 0:00:40]} Qe8
{[%clk 0:02:45]} 39. Qxc4 {[%clk 0:00:46]} Qg6+ {[%clk 0:03:09]} 40. Kf3
{[%clk 0:31:04]} Rg5 {[%clk 0:33:00]} 41. Ke2 {[%clk 0:21:23]} Rg3
{[%clk 0:18:49]} 42. Rf1 {[%clk 0:19:17]} h5 {[%clk 0:14:49]} 43. d5
{[%clk 0:15:49]} Rg2+ {[%clk 0:12:31]} 44. Kd1 {[%clk 0:07:09]} Rxa2
{[%clk 0:07:16]} 45. d6 {[%clk 0:04:30]} Qg4+ {[%clk 0:04:29]} 46. Kc1
{[%clk 0:04:14]} Qg2 {[%clk 0:04:56]} 47. Kb1 {[%clk 0:03:41]} Ra4
{[%clk 0:04:08]} 48. Qxa4 {[%clk 0:00:36]} Qxf1+ {[%clk 0:04:34]} 49. Bc1
{[%clk 0:00:37]} Rc8 {[%clk 0:04:50]} 50. Rc5 {[%clk 0:00:33]} Rxc5
{[%clk 0:04:04]} 51. Qe8+ {[%clk 0:00:54]} Kh7 {[%clk 0:04:31]} 52. Qxh5+
{[%clk 0:01:17]} Kg8 {[%clk 0:04:59]} 53. Qe8+ {[%clk 0:01:22]} Kh7 1/2-1/2